Manual del ingeniero /
Guardado en:
| Autor Corporativo: | |
|---|---|
| Otros Autores: | |
| Formato: | Libro |
| Idioma: | Spanish German |
| Publicado: |
Barcelona :
Gustavo Gili (G G),
1985.
|
| Edición: | Nueva ed., traducida de la 28ª alemana. |
| Materias: | |
| Etiquetas: |
Agregar Etiqueta
Sin Etiquetas, Sea el primero en etiquetar este registro!
|
| LEADER | 01409nam a22003135a 4500 | ||
|---|---|---|---|
| 001 | EIQ.libpla001726 | ||
| 008 | 061212s1985####sp#a#####bf###001#0#spa#d | ||
| 005 | 20061218134359.0 | ||
| 245 | 1 | 0 | |a Manual del ingeniero / |c por la Academia Hütte de Berlín ; [traducida] por Rafael Hernández. |
| 250 | |a Nueva ed., traducida de la 28ª alemana. | ||
| 260 | |a Barcelona : |b Gustavo Gili (G G), |c 1985. | ||
| 300 | |a 4v. : |b il. ; |c 20 cm. | ||
| 504 | |a Incluye referencias bibliográficas e índice. | ||
| 505 | 1 | |a v. 1. Fundamentos teóricos (XXII, 1563 p.) -- v. 2. Construcción de máquinas (XIX, 1267 p.) v. 3. Construcción de obras (XIX, 1552 p.) | |
| 500 | |a Traducción de: Des Ingenieurs Taschenbuch. | ||
| 020 | |a 8425202698 (v. 1) | ||
| 020 | |a 842520268x (v. 2) | ||
| 020 | |a 8425209676 (v. 3) | ||
| 700 | 1 | |a Hernández, Rafael, |e tr. |4 trl | |
| 246 | 3 | |a Hütte manual del ingeniero | |
| 650 | 4 | |a Ingeniería |x Handbooks, manuales, etc. | |
| 650 | 4 | |a Engineering |x Handbooks, manuals, etc. | |
| 040 | |a AR-BbSID |b spa |c AR-BbSID | ||
| 041 | 1 | |a spa |h ger | |
| 110 | 2 | |a Academia hütte de Berlin. | |
| 859 | |a AR-BbSID |b BIB. PLAPIQUI |h 620.004 |i Ac 11 |k R |p 3609 |v Vol. 1 |3 Vol. 1 | ||
| 859 | |a AR-BbSID |b BIB. PLAPIQUI |h 620.004 |i Ac 11 |k R |p 3610 |v Vol. 2 |3 Vol. 2 | ||
| 859 | |a AR-BbSID |b BIB. PLAPIQUI |h 620.004 |i Ac 11 |k R |p 3611 |v Vol. 3 |3 Vol. 3 | ||
| 859 | |a AR-BbSID |b BIB. PLAPIQUI |h 620.004 |i Ac 11 |k R |p 3612 |v Vol. 4 |3 Vol. 4 | ||
